Statystyki dla Kogo to numer - polski rap #5 (Impossible)

Kliknij tutaj aby rozwiązać quiz!

Ogólne statystyki

  • Ten quiz został rozwiązany 25 razy
  • Średni wynik to 3 z 10

Statystyki odpowiedzi

HintOdpowiedź% Poprawnych
ÖtziSzpaku
64%
ModiglianiTaco Hemingway
50%
C3POTaconafide
50%
ChamerBiałas
32%
AnkhQuebonafide
32%
2040PRO8L3M
27%
PiniataGuzior
23%
FreonGedz
18%
Czego się bojęKuban
14%
blurschafter
14%

Rozkład punktacji

Percentyl według liczby udzielonych odpowiedzi

Procent ludzi z każdym wynikiem

Twoja historia wyników

Nie rozwiązałeś tego quizu